000 00281nam a2200109Ia 4500
008 190216s9999||||xx |||||||||||||| ||und||
100 _aShankara Kurup G
245 0 _aOormagalude Oolangalil
260 _bSahithya Pravarthaka Sahakarana Sangam
650 _aAthmakadha
942 _cBK
999 _c25885
_d25885